00772 2200277 4500001002100000008004100021035002000062245006600082100002700148260004000175300001300215020002200228084001600250082000800266650001200274990001900286990002100305990002100326990002100347990002100368990002100389990002100410990002100431990002100452990002100473INLIS000000000001058 ind  a0010-0724001058 aRahasiaku Ensiklopediku Inilah BumikucTim armandelta selaras aTim armandelta selaras aJakarta :bArmandelta selarasc2008 a192 hlm. a978-979-26-7178-0 a551.1 TIM R a551 aGeologi aP29/CP/24/1058 aP29/CP/24/1058.1 aP29/CP/24/1058.2 aP29/CP/24/1058.3 aP29/CP/24/1058.4 aP29/CP/24/1058.5 aP29/CP/24/1058.6 aP29/CP/24/1058.7 aP29/CP/24/1058.8 aP29/CP/24/1058.9